000 01003nam a2200241Ia 4500
003 Ost
005 20260507074919.0
008 260507s9999||||xx |||||||||||||| ||und||
020 _a9957163617
040 _cfsecg
041 _aara
082 _a658.403
100 _aفرح، ياسر أحمد
_eمؤلف
245 0 _aإدارة الوقت ومواجهة ضغوط العمل /
_c ياسر أحمد فرح
260 _aعمان:
_bدار الحامد,
_c2008
300 _a208 صفحة؛
_bإيضاحات ؛
_c24 سم
504 _aببليوغرافيا: ص.203
520 _aادارة الوقت، تحديات الادارة المعاصرة وأثرها على الوقت، البيئة الخارجية وأثرها على ادارة الوقت، نظم الانتاج في الوقت المحدد، تعلم مهارات تنظيم الوقت وانجاز العمل
653 _aادارة الاعمال
653 _aالادارة
653 _aالوقت
942 _cكتاب
999 _c41790
_d41790